Statistiques concernant 72 animaux

Cliquez ici pour prendre le quiz!

Statistiques générales

  • Ce quiz a été pris 246 fois
  • Le résultat moyen est 62 sur 72

Statistiques - réponses

Réponse% Correct
Chat
98%
Chien
98%
Âne
97%
Cheval
97%
Chameau
96%
Cochon
96%
Dauphin
96%
Baleine
95%
Crabe
95%
Éléphant
95%
Escargot
95%
Grenouille
95%
Chauve-souris
94%
Étoile de mer
94%
Girafe
94%
Gorille
94%
Lapin
93%
Lion
93%
Loup
93%
Ours
93%
Panda
93%
Renard
93%
Vache
93%
Zèbre
93%
Alligator
92%
Cerf
92%
Requin
92%
Tigre
92%
Tortue
92%
Araignée
91%
Écureuil
91%
Koala
91%
Mouton
91%
Serpent
91%
Hérisson
90%
Kangourou
90%
Lama
90%
Méduse
90%
Perroquet
89%
Loutre
88%
Lynx
88%
Scorpion
88%
Lézard
87%
Buffle
86%
Guépard
86%
Hamster
86%
Limace
86%
Phoque
86%
Rhinocéros
86%
Taupe
86%
Bison
85%
Raie
85%
Panthère
84%
Hippocampe
83%
Huître
83%
Homard
82%
Oursin
82%
Otarie
81%
Crapaud
80%
Furet
80%
Marmotte
78%
Biche
77%
Castor
77%
Iguane
75%
Puma
75%
Gazelle
73%
Porc-épic
72%
Antilope
71%
Jaguar
69%
Putois
61%
Yack
56%
Belette
55%

Distribution des résultats

Percentile par nombre de réponses

% des personnes avec chaque résultat

Votre développement - résultats

Vous n’avez pas pris ce quiz